| 000 | 00800nam a2200265 a 4500 | ||
|---|---|---|---|
| 008 | |||
| 020 | _a9781409423829 (hardback) | ||
| 040 |
_aNUST _cNUST |
||
| 049 | _aMAIN | ||
| 090 |
_aZ679.55 _bSPA |
||
| 245 | 1 | 0 |
_aSpace in the Digital World / _cedited by Matthews Graham and Walton Graham. |
| 260 |
_aEngland : _bAshgate, _c2013 |
||
| 300 |
_axvii, 228 pages : _billustrations ; _c24 cm |
||
| 336 |
_atext _btxt _2rdacontent |
||
| 337 |
_aunmediated _bn _2rdamedia |
||
| 338 |
_avolume _bnc _2rdacarrier |
||
| 500 | _aIncludes index. | ||
| 650 | 1 | _aLibrary Space. | |
| 700 | _aMathews, Graham. | ||
| 700 | _aWalton, Graham. | ||
| 907 |
_a.b10406682 _b12-07-21 _c12-07-21 |
||
| 003 | |||
| 005 | 20230123141211.0 | ||
| 942 |
_cBOOKS _kZ679.55 _mSPA |
||
| 999 |
_c169416 _d169416 |
||